书目信息 |
| 题名: |
工业区位论
|
|
| 作者: | 韦伯 著 ;李刚剑 , 陈志人 , 张英保 译 | |
| 分册: | ||
| 出版信息: | 北京 商务印书馆 2010.10 |
|
| 页数: | 15,252页 | |
| 开本: | 21cm | |
| 丛书名: | 汉译世界学术名著丛书 | |
| 单 册: | ||
| 中图分类: | F419.9 | |
| 科图分类: | ||
| 主题词: | 工业区位--研究 , 工业区位 | |
| 电子资源: | ||
| ISBN: | 978-7-100-07241-0 | |
| 000 | 01217oam2 2200349 450 | |
| 001 | 010010005472 | |
| 005 | 20120626152544.87 | |
| 010 | @a978-7-100-07241-0@dCNY20.00 | |
| 100 | @a20101129d2010 em y0chiy0110 ea | |
| 101 | 1 | @achi@cger |
| 102 | @aCN@b110000 | |
| 105 | @aa z 001yy | |
| 106 | @ar | |
| 200 | 1 | @a工业区位论@9gong ye qu wei lun@f(德)阿尔弗雷德·韦伯(Alfred Weber)著@g李刚剑,陈志人,张英保译 |
| 210 | @a北京@c商务印书馆@d2010.10 | |
| 215 | @a15,252页@c图@d21cm | |
| 225 | 2 | @a汉译世界学术名著丛书 |
| 305 | @a根据芝加哥大学出版社1965年英文版译出 | |
| 312 | @a书内英文题名:Theory of the location of industres | |
| 320 | @a有索引 | |
| 330 | @a本书主要内容包括:区位因素和区位力学、简化问题的假设、运输指向、劳动力指向、集聚、总体指向、经济系统中的制造业。 | |
| 461 | 0 | @12001 @a汉译世界学术名著丛书 |
| 510 | 1 | @aTheory of the location of industres@zeng |
| 606 | 0 | @a工业区位@x研究 |
| 606 | 0 | @a工业区位 |
| 690 | @aF419.9@v4 | |
| 701 | 0 | @c(德)@a韦伯@9wei bo@c(Weber, Alfred)@4著 |
| 702 | 0 | @a李刚剑@9li gang jian@4译 |
| 702 | 0 | @a陈志人@9chen zhi ren@4译 |
| 702 | 0 | @a张英保@9zhang ying bao@4译 |
| 801 | 0 | @aCN@bRENTIAN@c20101129 |
| 905 | @b541277-81@dF419.9@e12@f5 | |
| 工业区位论/(德)阿尔弗雷德·韦伯(Alfred Weber)著/李刚剑,陈志人,张英保译.-北京:商务印书馆,2010.10 |
| 15,252页:图;21cm.-(汉译世界学术名著丛书) |
| ISBN 978-7-100-07241-0:CNY20.00 |
| 本书主要内容包括:区位因素和区位力学、简化问题的假设、运输指向、劳动力指向、集聚、总体指向、经济系统中的制造业。 |
| ● |
| 相关链接 |
|
|
|
|
正题名:工业区位论
索取号:F419.9/12
 
预约/预借
| 序号 | 登录号 | 条形码 | 馆藏地/架位号 | 状态 | 备注 |
| 1 | 541277 | 205412775 | 第一样本阅览室/ [索取号:F419.9/12] | 在馆 | |
| 2 | 541278 | 205412784 | 第一借阅区/ [索取号:F419.9/12] | 在馆 | |
| 3 | 541279 | 205412793 | 第一借阅区/ [索取号:F419.9/12] | 在馆 | |
| 4 | 541280 | 205412800 | 第一借阅区/ [索取号:F419.9/12] | 在馆 | |
| 5 | 541281 | 205412819 | 第一借阅区/ [索取号:F419.9/12] | 在馆 |